La bonne marque (click quiz) - Statistiques

Statistiques générales
  • Ce quiz a été pris 114 fois
  • Le résultat moyen est 7 sur 8
Statistiques - réponses
Hint Réponse % Correct
Al Fa Roméo
91%
Ike A
90%
Val Entino
90%
Sam Sung
90%
Ken Zo
90%
Burt On
89%
Ben Etton
77%
Dan One
72%
Aucun quiz correspondant
Distribution des résultats
% des personnes avec chaque résultat
Percentile par nombre de réponses
Votre historique - résultats
Vous n’avez pas pris ce quiz